000 00692nam a22002417a 4500
001 BR9400750
003 BR-BrBNA
005 20240227130454.0
007 ta
008 230509b bl.||||| |||| 00| 0 por d
040 _aBR-BrBNA
_bpor
_cBiblioteca Nacional de Agricultura
041 _a(Por)
072 _aA50
090 _aA50
_bBR9400750
110 1 _aEmpresa Brasileira de Pesquisa Agropecuaria, Brasilia, DF (Brasil)
245 1 _aCatalogo de pesquisadores do sistema cooperativo de pesquisa agropecuaria
260 3 _aBrasilia, DF (Brasil):
_c1985.
300 _a2 v.
650 _aPesquisa Agricola
650 _aPesquisa Pecuaria
650 _aPesquisador
942 _cBK
_2AGRIS
999 _c48082
_d48082